000 00750nam a2200265 i 4500
001 C2-0238507
003 PPAK
005 20180727201555.0
008 020421s1980 nyua|||| ||||| | eng d
020 _a0671253204
040 _aPPAK
_beng
_cPPAK
_erda
082 0 4 _a594.047
_223
090 0 0 _a594.047
_bSAB
_dR
100 1 _aSabelli, Bruno,
_eauthor
245 1 0 _aSimon and Schuster's guide to shells
264 1 _aNew York :
_bSimon & Schuster ,
_c1980
300 _a512 pages :
_bcolour illustrations ;
_c19 cm
336 _2rdacontent
_atext
337 _2rdamedia
_aunmediated
338 _2rdacarrier
_avolume
490 1 _aNature guide series
650 1 0 _aShells - Identification
830 0 _aNature guide series
942 _ddc
_cB
999 _c53854
_d53854